1262 1627 1701 1152 1430 1398 1499 1325 1971 1182 1584 1024 1804 1127 1721 1202 1308 1734 1067 1466 1851 1037 1845 1534 1402 1194 1718 1285 1514 1966 1879 1217 1998 1197 1838 1562 1527 1038 1962 1186 1288 1348 1600 1527 1046 1349 1660 1113 1518 1723 1974 1043 1883 1871 1655 1207 1437 1949 1189 1151 1969 1161 1066 1286 1585 1940 1293 1057 1064 1020 1985 1662 1783 1459 1086 1208 1110 1683 1644 1761 1979 1786 1683 1449 1771 1467 1698 1178 1740 1453 1248 1882 1030 1536 1534 1902 1997 1786 1530 BCNSPRNW ULIB Ver.6.0+V

เปลี่ยนเป็นภาษาไทย

Change to English
 แสดงรายละเอียดบรรณานุกรม
  กลับหน้าหลัก

Brief Record : Get Marc (ISO 2709) : E-mail record : QR code < ปิดหน้าต่าง
LEADER : 00000nam 2200000uu 4500
001    13399120261
003     ULIB
008    120917s2547||||th 000 0 tha d
060  4 ^aWY200^bพ796ค 2547
100 0  ^aพีระ เรืองฤทธิ์
245 00 ^aคู่มือการวินิจฉัยการพยาบาลครอบครัว/^cพีระ เรืองฤทธิ์
260    ^aนครสวรรค์ :^bวิทยาลัยพยาบาลบรมราชชนนี สวรรค์ประชารักษ์ นครสวรรค์^c2547
300    ^a73 หน้า
650  7 ^aการพยาบาลครอบครัว
995    ^aวิภา
999 ^a ใช้งานได้ทุกระบบ
รายการนี้ยังไม่มีแท็ก
คุณยังไม่ได้ล็อกอิน คุณสามารถมีกิจกรรมร่วมกับเว็บไซต์ได้ แต่ต้องล็อกอินก่อน ::
  ล็อกอิน

รายการสื่อสารสนเทศ

ลำดับที่ ประเภท เลขเรียก/บาร์โค้ด สถานที่ สถานะ
- ไม่พบข้อมูล -

รายการใกล้เคียง
    หัวเรื่อง [การพยาบาลครอบครัว]

BibComment


ยังไม่เคยถูกคอมเมนท์

คอมเมนท์ทรัพยากรรายการนี้
  คอมเมนท์: คู่มือการวินิจฉั..


 Copyright 2026. Bcnsprnw @Library